| 000 | 00603nam a2200241 a 4500 | ||
|---|---|---|---|
| 001 | 13260 | ||
| 003 | BD-JhCC | ||
| 005 | 20230802100512.0 | ||
| 008 | 230624s2011 uk |||| |||| 000 0 eng d | ||
| 020 | _a9780593057070 | ||
| 035 | _a(BD-JhCC)13260 | ||
| 040 |
_aBD-JhCC _dBD-JhCC |
||
| 041 | _aeng | ||
| 082 |
_a813.54 _bCHI 2011 |
||
| 100 | _aChild, Lee | ||
| 245 |
_a61 hours / _cLee Child |
||
| 260 |
_aLondon : _bBantam, _c2011 |
||
| 300 |
_a394 p. : _c24 cm. |
||
| 490 | _aA Jack Reacher Thriller | ||
| 650 | _aReacher, Jack (Fictitious character) | ||
| 650 | _aThriller | ||
| 942 |
_2ddc _cBK |
||
| 999 |
_c13260 _d13260 |
||